Hospodárska aritmetika úrokový počet

Bibliographic Details
Main Authors: Schramm, Ladislav, 1920-1980 (Author), Maděra, František, 1953- (Author)
Format: Book
Language:Slovak
PhysicalDescription:112 s. tab. 29 cm
Published: Bratislava Vysoká škola ekonomická 1980
Edition:1. vyd.
Series:Vysokoškolské skriptá
Subjects:

MARC

LEADER 00000cam a2200000 a 4500
001 vtls001108789
003 SK-MaSNL
005 20260301191638.0
008 250313s1980 xo a p 000 0 slo
015 |a SNBA1980 
035 |a SNK000051631 
035 |a urn:nbn:sk:snk-amkzlr 
035 |a urn:nbn:sk:snk-am008owu 
035 |a BA39906E-7655-4DF9-8532-9C6757DE615E 
040 |a SNK  |b slo  |c SNK  |e AACR2 
041 0 |a slo 
044 |a xo  |c SK 
080 |a 336.781:512(075.8)  |2 1981 
080 |a 512(075.8)  |2 1981 
080 |a 512  |2 1981 
080 |a 336.781(075.8)  |2 1981 
100 1 |a Schramm, Ladislav,  |d 1920-1980  |4 aut  |9 187426 
245 1 0 |a Hospodárska aritmetika  |b úrokový počet  |c Ladislav Schramm, F. Maděra 
250 |a 1. vyd. 
260 |a Bratislava  |b Vysoká škola ekonomická  |c 1980 
300 |a 112 s.  |b tab.  |c 29 cm 
366 |e 500 výt. 
490 1 |a Vysokoškolské skriptá 
650 0 7 |a aritmetika  |2 SNKPH  |9 734 
650 0 7 |a hospodárstvo  |2 SNKPH  |9 14275 
650 0 7 |a úroky  |2 SNKPH  |9 13916 
655 7 |a učebnice vysokých škôl  |2 SNKPH  |9 70191 
700 1 |a Maděra, František,  |d 1953-  |4 aut  |9 9464 
830 0 |a Vysokoškolské skriptá  |9 276440 
852 |a Slovenská národná knižnica 
958 |a OND 
999 |c 871762  |d 873692 
952 |a SNK  |b SNK  |y PREZ  |7 0  |p 17A0987567  |o snkSB 30028  |i snkKSP 4865/80  |0 0  |1 0  |4 0  |d 2014-10-10  |f 1  |l 0  |r 2025-04-03 00:00:00  |w 2026-02-24 
952 |a SNK  |b SNK  |y VYP  |7 0  |p 17A1316575  |o snkSB 30028 D1  |i snkKSP 4866/80  |0 0  |1 0  |4 0  |d 2014-10-10  |l 0  |r 2026-02-24 05:45:43  |w 2026-02-24